000
00275nam a2200109Ia 4500
008
220204s9999 xx 000 0 und d
082
_a
339.1
_b
MIC
100
_a
MICHAELY, Michael
245
0
_a
Theory of commercial policy
260
_a
Oxford
_b
Philip Allen
_c
1977
942
_c
BK
999
_c
28022
_d
28022